| 000 | 00506nam a2200169 i 4500 | ||
|---|---|---|---|
| 001 | 86380 | ||
| 003 | ES-MaACL | ||
| 005 | 20230906175432.0 | ||
| 007 | t| | ||
| 008 | 041209s1960 sp ||||1| spa d | ||
| 100 | 1 |
_aKarlson, Paul. _967566 |
|
| 245 | 1 | 3 |
_aLa magia de los números / _cPaul Karlson ; traducido del alemán por José R. Fuentes. |
| 260 |
_aBarcelona, etc. : _bLabor, _c[1960] |
||
| 300 |
_a744 p. : _bil. ; _c22 cm. |
||
| 700 | 1 |
_aFuentes, R. _952910 |
|
| 852 |
_aES-MaACL _jC-17948 _bR.45867 |
||
| 999 |
_c86380 _d86380 |
||